000 00763cam a2200241 a 4500
001 12758997
005 20180104050344.0
008 020429s2003 enk b 001 0 eng
010 _a 2002006689
020 _a0195151321 (acidfree paper)
040 _aDLC
_cDLC
_dDLC
041 _aeng
043 _an-us---
080 _a302.23450973 GAN
082 0 0 _a302.23450973 GAN
_221
100 1 _a19
101 _aPOL
245 1 0 _aDemocracy and the news /
_cHerbert J. Gans.
504 _aIncludes bibliographical references (p. 127-157) and indexes.
906 _a7
_bcbc
_corignew
_d1
_eecip
_f20
_gy-gencatlg
942 _2ddc
_cBK
999 _c39706
_d39706